| 000 | 00443nam a2200193Ia 4500 | ||
|---|---|---|---|
| 008 | 170705s9999 xx 000 0 und d | ||
| 020 | _a9780439253239 | ||
| 245 | 4 | _aThe forests of silence / | |
| 245 | _cEmily Rodda. | ||
| 260 | _aNew York : | ||
| 260 | _bScholastic, | ||
| 260 | _c2000 | ||
| 300 | _a131 pages : | ||
| 300 | _bcolor illustration ; | ||
| 300 | _c19cm. | ||
| 440 | _aDeltora quest ; | ||
| 440 | _v1 | ||
| 500 | _a690 | ||
| 999 |
_c336220 _d336220 |
||